| 000 | 00756nam a22002177a 4500 | ||
|---|---|---|---|
| 999 |
_c196649 _d196649 |
||
| 005 | 20230816112150.0 | ||
| 010 | _aENG-137476 | ||
| 020 |
_c300.00 _a9788195302437 |
||
| 035 | _aEN-121008 | ||
| 037 | _bDBAD/PUB | ||
| 082 | _a338.95472 | ||
| 100 | _aFernandes,Walter | ||
| 245 |
_aInclusive or Unequal Progress? Develpoment- Induced Dispalcement in Goa 1965-2010 / _cWalter Fernands |
||
| 260 |
_aGuwahati _bNorth Eastern Social Research Centre _c2021 |
||
| 270 |
_aNorth Eastern Social Research Centre Jagriti 2nd Floor, Arunodoi Path, GMCH Road, Christian Basti _bAssam _e781005 |
||
| 300 |
_a378p. _c22cm |
||
| 700 | _aAbreu,Savio | ||
| 700 | _aNaik,Niraj | ||
| 700 | _aFernandes,Simon | ||
| 942 |
_2ddc _cEN _mFER _h338.95478 |
||